[Event "World Youth U-16 Olympiad 2018"]
[Site "Konya"]
[Date "2018.11.28"]
[Round "5"]
[White "Budisavljevic, Luka"]
[Black "Pour Agha Bala, Amirreza"]
[Result "1/2-1/2"]
[WhiteElo "2344"]
[BlackElo "2319"]
[Annotator "RC"]
[PlyCount "105"]
[EventDate "2018.11.25"]
[EventType "team-tourn"]
[EventCountry "TUR"]
[SourceTitle "playchess.com"]
[Source "ChessBase"]
[SourceQuality "1"]
[WhiteTeam "Serbia"]
[BlackTeam "Iran"]
[WhiteTeamCountry "SRB"]
[BlackTeamCountry "IRI"]

1. d4 Nf6 2. Nf3 g6 3. Bf4 Bg7 4. e3 O-O 5. Be2 d6 6. h3 Nc6 7. O-O e5 8. Bh2 exd4 9. exd4 b6 10. c3 Bb7 11. Nbd2 Re8 12. Re1 Qd7 13. Bc4 Ne7 14. Qb3 Ned5 15. Bb5 Bc6 16. a4 a6 17. Rxe8+ Nxe8 18. Bxc6 Qxc6 19. Re1 b5 20. Ra1 Nb6 21. axb5 axb5 22. Rxa8 Nxa8 23. Nb1 Qc4 24. Qd1 Nb6 25. Na3 Qa4 26. Qe2 b4 27. cxb4 Nf6 28. Bf4 Nbd5 29. Bd2 Qb3 30. Qc4 Qxb2 31. Nb5 Qa1+ 32. Kh2 Qa6 33. Bg5 Qb7 34. Bxf6 Bxf6 35. Nd2 c6 36. Nxd6 Qc7 37. Qc5 Bxd4 38. Qxd4 Qxd6+ 39. g3 Qxb4 40. Nc4 Qc3 41. Qe4 Qf6 42. Kg2 Kg7 43. Ne5 Nc3 44. Qd4 Nb5 45. Qc5 Qf5 46. Kg1 Qb1+ 47. Kh2 Qf5 48. Kg1 h5 49. h4 Kg8 50. Qe7 Nc3 51. Qe8+ Kg7 52. Nxc6 Ne4 53. Qe5+ 1/2-1/2

[Event "World Youth U-16 Olympiad 2018"]
[Site "Konya"]
[Date "2018.11.28"]
[Round "5"]
[White "Harutyunyan, Ruben"]
[Black "Baidetskyi, Valentin"]
[Result "0-1"]
[WhiteElo "2344"]
[BlackElo "2398"]
[Annotator "TA"]
[PlyCount "68"]
[EventDate "2018.11.25"]
[EventType "team-tourn"]
[EventCountry "TUR"]
[SourceTitle "playchess.com"]
[Source "ChessBase"]
[SourceQuality "1"]
[WhiteTeam "France"]
[BlackTeam "Ukraine"]
[WhiteTeamCountry "FRA"]
[BlackTeamCountry "UKR"]

1. e4 e5 2. Nf3 d6 3. d4 exd4 4. Nxd4 Nf6 5. Nc3 Be7 6. Be2 O-O 7. O-O Re8 8. Re1 Bf8 9. Bg5 h6 10. Bxf6 Qxf6 11. Nd5 Qd8 12. Bg4 Nd7 13. a4 c6 14. Nc3 a5 15. Nf3 Qb6 16. Rb1 Nc5 17. Bxc8 Raxc8 18. Qd4 g6 19. h4 Rcd8 20. h5 Bg7 21. Qd1 g5 22. Nh2 Qb4 23. Qf3 Re6 24. Ng4 Rde8 25. e5 Bxe5 26. Rxe5 dxe5 27. Nf6+ Rxf6 28. Qxf6 Re6 29. Qd8+ Kg7 30. Qc7 Nxa4 31. Re1 Nxc3 32. Rxe5 Ne2+ 33. Kf1 Qd4 34. Rxe2 Qd1+ 0-1

[Event "World Youth U-16 Olympiad 2018"]
[Site "Konya"]
[Date "2018.11.28"]
[Round "5"]
[White "Murzin, Volodar"]
[Black "Vokhidov, Shamsiddin"]
[Result "0-1"]
[WhiteElo "2340"]
[BlackElo "2456"]
[Annotator "TA"]
[PlyCount "134"]
[EventDate "2018.11.25"]
[EventType "team-tourn"]
[EventCountry "TUR"]
[SourceTitle "playchess.com"]
[Source "ChessBase"]
[SourceQuality "1"]
[WhiteTeam "Russia"]
[BlackTeam "Uzbekistan"]
[WhiteTeamCountry "RUS"]
[BlackTeamCountry "UZB"]

1. e4 e5 2. Nf3 Nc6 3. Bc4 Bc5 4. O-O Nf6 5. d3 d6 6. c3 a6 7. a4 Ba7 8. Re1 O-O 9. Nbd2 Ng4 10. Re2 Kh8 11. Nf1 f5 12. exf5 Bxf5 13. Ng3 d5 14. Bb3 Bg6 15. Be3 Nxe3 16. fxe3 Qd6 17. d4 e4 18. Nh4 Ne7 19. Nxg6+ Qxg6 20. Re1 c6 21. Qh5 Qxh5 22. Nxh5 Bb8 23. g3 g6 24. Nf4 Bxf4 25. gxf4 g5 26. fxg5 Rf5 27. Rf1 Rxg5+ 28. Kh1 Rag8 29. Rg1 Rxg1+ 30. Rxg1 Nf5 31. Re1 Nh4 32. Bd1 Rf8 33. Kg1 Nf3+ 34. Bxf3 Rxf3 35. Re2 Kg7 36. Kg2 h5 37. Kg1 h4 38. Re1 Kg6 39. Re2 h3 40. Re1 b6 41. b4 Kg5 42. Re2 Kg4 43. Re1 a5 44. Re2 Kh4 45. Re1 Kg5 46. Re2 Kg4 47. Re1 Rf7 48. bxa5 bxa5 49. Rb1 Rg7 50. Kf2 Kh4 51. Rg1 Rf7+ 52. Ke1 Rb7 53. Rg6 Rb2 54. Rh6+ Kg4 55. Rg6+ Kf5 56. Rxc6 Rxh2 57. Kf1 Rc2 58. Kg1 Kg4 59. Rd6 Kg3 60. Rg6+ Kf3 61. Rd6 Kxe3 62. Rxd5 h2+ 63. Kh1 Kd2 64. Rxa5 e3 65. Re5 e2 66. d5 Rxc3 67. Rxe2+ Kxe2 0-1

[Event "World Youth U-16 Olympiad 2018"]
[Site "Konya"]
[Date "2018.11.28"]
[Round "5"]
[White "Wachinger, Nikolas"]
[Black "Kacharava, Nikolozi"]
[Result "0-1"]
[WhiteElo "2338"]
[BlackElo "2356"]
[Annotator "TA"]
[PlyCount "78"]
[EventDate "2018.11.25"]
[EventType "team-tourn"]
[EventCountry "TUR"]
[SourceTitle "playchess.com"]
[Source "ChessBase"]
[SourceQuality "1"]
[WhiteTeam "Germany"]
[BlackTeam "Georgia"]
[WhiteTeamCountry "GER"]
[BlackTeamCountry "GEO"]

1. e4 e5 2. Nf3 Nf6 3. Nxe5 d6 4. Nf3 Nxe4 5. Nc3 Nxc3 6. dxc3 Be7 7. Be3 O-O 8. Qd2 Nd7 9. O-O-O c6 10. h4 d5 11. Kb1 Bc5 12. Bd3 Bxe3 13. Qxe3 Re8 14. Qf4 Qf6 15. Qg3 Nf8 16. Nd4 Re7 17. Qg5 Qxg5 18. hxg5 c5 19. Nf5 Bxf5 20. Bxf5 Re5 21. g4 g6 22. f4 Re3 23. Bd3 Ne6 24. f5 Nxg5 25. Bf1 Ne4 26. Bg2 Nf2 27. Rde1 Rae8 28. Rxe3 Rxe3 29. Rf1 Re5 30. Bf3 Ne4 31. Kc1 gxf5 32. gxf5 Rxf5 33. Rg1+ Kf8 34. Bh1 Nf2 35. Kd2 Nxh1 36. Rxh1 h5 37. Ke3 Kg7 38. c4 dxc4 39. Ke4 Rf2 0-1

[Event "World Youth U-16 Olympiad 2018"]
[Site "Konya"]
[Date "2018.11.28"]
[Round "5"]
[White "Galperin, Platon"]
[Black "Boyer, Mahel"]
[Result "1-0"]
[WhiteElo "2334"]
[BlackElo "2235"]
[Annotator "RC"]
[PlyCount "89"]
[EventDate "2018.11.25"]
[EventType "team-tourn"]
[EventCountry "TUR"]
[SourceTitle "playchess.com"]
[Source "ChessBase"]
[SourceQuality "1"]
[WhiteTeam "Ukraine"]
[BlackTeam "France"]
[WhiteTeamCountry "UKR"]
[BlackTeamCountry "FRA"]

1. c4 e6 2. Nf3 Nf6 3. g3 d5 4. Bg2 Be7 5. O-O O-O 6. b3 c5 7. cxd5 exd5 8. d4 Ne4 9. Bb2 Bf6 10. Nc3 Nc6 11. Na4 b6 12. Rc1 Bf5 13. dxc5 Bxb2 14. Nxb2 Nxc5 15. Qd2 Rc8 16. Nh4 Be4 17. Bh3 Ne6 18. f3 Bg6 19. Nd3 Qf6 20. Nf4 d4 21. e4 dxe3 22. Qxe3 Qd4 23. Rfe1 Qxe3+ 24. Rxe3 Ncd4 25. Rd1 Nxf4 26. gxf4 Rcd8 27. Kf2 Nc6 28. Bd7 Nb8 29. Re7 Nc6 30. Ree1 Nb8 31. Bh3 Bc2 32. Rc1 Rd2+ 33. Re2 Rfd8 34. Rxc2 Rxc2 35. Rxc2 Na6 36. a3 g6 37. Bf1 Nc5 38. b4 Ne6 39. f5 Nf4 40. fxg6 hxg6 41. Ng2 Ne6 42. Bc4 Ng7 43. Ne3 Nh5 44. Nd5 Kg7 45. Bb3 1-0

[Event "World Youth U-16 Olympiad 2018"]
[Site "Konya"]
[Date "2018.11.28"]
[Round "5"]
[White "Oboladze, Luka"]
[Black "Pajeken, Jakob Leon"]
[Result "1-0"]
[WhiteElo "2318"]
[BlackElo "2314"]
[Annotator "TA"]
[PlyCount "153"]
[EventDate "2018.11.25"]
[EventType "team-tourn"]
[EventCountry "TUR"]
[SourceTitle "playchess.com"]
[Source "ChessBase"]
[SourceQuality "1"]
[WhiteTeam "Georgia"]
[BlackTeam "Germany"]
[WhiteTeamCountry "GEO"]
[BlackTeamCountry "GER"]

1. e4 e5 2. Nf3 Nc6 3. Bb5 a6 4. Ba4 Nf6 5. O-O Be7 6. Re1 b5 7. Bb3 d6 8. c3 O-O 9. h3 Nb8 10. d4 Nbd7 11. a4 Bb7 12. Nbd2 c5 13. d5 c4 14. Bc2 Qc7 15. Nf1 Nc5 16. Ng3 g6 17. Bh6 Rfb8 18. Nh2 Bc8 19. Qe2 Bd7 20. axb5 Rxb5 21. Ra2 Rb7 22. f4 Qb8 23. Rb1 a5 24. Nf3 Bb5 25. fxe5 dxe5 26. Nd2 Ne8 27. Be3 Nd3 28. Bxd3 cxd3 29. Qf2 Qc8 30. Rc1 Bc4 31. Ra4 Bb5 32. Raa1 Bc4 33. b4 Rb5 34. Ra4 Ra6 35. bxa5 Nd6 36. Rca1 Bd8 37. Qf1 Rbxa5 38. Nxc4 Nxc4 39. Rxa5 Bxa5 40. Bf2 Bb6 41. Bxb6 Rxa1 42. Qxa1 Nxb6 43. Qb1 Qc5+ 44. Kh2 d2 45. Qd3 Nc4 46. Nf1 Qf2 47. d6 Nxd6 48. Nxd2 Ne8 49. Nf3 Nf6 50. Qd6 Qg3+ 51. Kxg3 Nxe4+ 52. Kh4 Nxd6 53. Nxe5 Kg7 54. Kg4 Kf6 55. Nf3 Ne4 56. c4 Ke7 57. Kf4 Nd6 58. c5 Ne8 59. Nd4 f6 60. Ke4 Kd7 61. Kd5 Nc7+ 62. Kc4 h5 63. Ne2 Kc6 64. Nf4 Na6 65. Ne6 g5 66. Nd4+ Kd7 67. Kb5 Nc7+ 68. Kb6 Nd5+ 69. Kb7 Nb4 70. g3 g4 71. h4 Nd5 72. c6+ Kd6 73. Ne2 Ne7 74. c7 Kd7 75. Nf4 Nc8 76. Nxh5 Nd6+ 77. Kb8 1-0

[Event "World Youth U-16 Olympiad 2018"]
[Site "Konya"]
[Date "2018.11.28"]
[Round "5"]
[White "Nogerbek, Kazybek"]
[Black "Huang, Renjie"]
[Result "1/2-1/2"]
[WhiteElo "2316"]
[BlackElo "2322"]
[Annotator "TA"]
[PlyCount "68"]
[EventDate "2018.11.25"]
[EventType "team-tourn"]
[EventCountry "TUR"]
[SourceTitle "playchess.com"]
[Source "ChessBase"]
[SourceQuality "1"]
[WhiteTeam "Kazakhstan"]
[BlackTeam "China"]
[WhiteTeamCountry "KAZ"]
[BlackTeamCountry "CHN"]

1. e4 c5 2. Nf3 g6 3. d4 cxd4 4. Nxd4 Bg7 5. c4 Nc6 6. Be3 Nf6 7. Nc3 O-O 8. Be2 a5 9. O-O a4 10. Ndb5 d6 11. f3 Qa5 12. Nd5 Nxd5 13. cxd5 Nb4 14. Na3 b5 15. Nxb5 Bxb2 16. a3 Na6 17. Rb1 Bf6 18. Na7 Nc5 19. Nc6 Qc3 20. Qc1 Qxc1 21. Rfxc1 Nb3 22. Rc4 e6 23. e5 dxe5 24. d6 Bd7 25. Bd1 Rfc8 26. Ne7+ Bxe7 27. Rxc8+ Rxc8 28. dxe7 f6 29. Bxb3 axb3 30. Rxb3 Kf7 31. Rb7 Kxe7 32. a4 Kd6 33. a5 Rc3 34. Bd2 Rc7 1/2-1/2

[Event "World Youth U-16 Olympiad 2018"]
[Site "Konya"]
[Date "2018.11.28"]
[Round "5"]
[White "Gharibyan, Mamikon"]
[Black "Koustav Chatterjee"]
[Result "0-1"]
[WhiteElo "2314"]
[BlackElo "2346"]
[Annotator "RC"]
[PlyCount "62"]
[EventDate "2018.11.25"]
[EventType "team-tourn"]
[EventCountry "TUR"]
[SourceTitle "playchess.com"]
[Source "ChessBase"]
[SourceQuality "1"]
[WhiteTeam "Armenia"]
[BlackTeam "India"]
[WhiteTeamCountry "ARM"]
[BlackTeamCountry "IND"]

1. d4 Nf6 2. c4 e6 3. Nf3 d5 4. Nc3 dxc4 5. e4 b5 6. e5 Nd5 7. Nxb5 Nb6 8. Be2 Nc6 9. O-O Be7 10. Qd2 O-O 11. Qf4 Rb8 12. Qg3 Kh8 13. Rd1 Bb7 14. b3 cxb3 15. axb3 a6 16. Nc3 Nb4 17. Qg4 N6d5 18. Ne4 f5 19. exf6 gxf6 20. Qh3 Rg8 21. Bd2 Bc8 22. Ng3 Bd7 23. Nh4 Nc2 24. Bd3 e5 25. Nhf5 Nxa1 26. Rxa1 Nf4 27. Bxf4 exf4 28. Ne2 Rxb3 29. Nxf4 Rg5 30. Qh6 Bxf5 31. h4 Bf8 0-1

[Event "World Youth U-16 Olympiad 2018"]
[Site "Konya"]
[Date "2018.11.28"]
[Round "5"]
[White "Katopodis, Dimitrios"]
[Black "Nalbant, Tuna Onat"]
[Result "1/2-1/2"]
[WhiteElo "2310"]
[BlackElo "2194"]
[Annotator "NA RC"]
[PlyCount "89"]
[EventDate "2018.11.25"]
[EventType "team-tourn"]
[EventCountry "TUR"]
[SourceTitle "playchess.com"]
[Source "ChessBase"]
[SourceQuality "1"]
[WhiteTeam "Greece"]
[BlackTeam "Turkey"]
[WhiteTeamCountry "GRE"]
[BlackTeamCountry "TUR"]

1. d4 Nf6 2. Nf3 g6 3. c4 Bg7 4. Nc3 d5 5. cxd5 Nxd5 6. e4 Nxc3 7. bxc3 c5 8. Be3 Bg4 9. Rc1 O-O 10. Qd2 Bxf3 11. gxf3 cxd4 12. cxd4 Nc6 13. d5 Ne5 14. Be2 Qd7 15. f4 Ng4 16. Bd4 e5 17. fxe5 Nxe5 18. f4 Ng4 19. Bxg7 Kxg7 20. Qd4+ Kg8 21. h3 Nh6 22. Kf2 Qd6 23. e5 Qa3 24. Bd3 Rac8 25. Rxc8 Rxc8 26. d6 Qxa2+ 27. Kg3 Qd2 28. d7 Rd8 29. Qd6 Qe3+ 30. Kg2 Qd2+ 31. Kg3 Nf5+ 32. Bxf5 Qxd6 33. exd6 gxf5 34. Rc1 Rxd7 35. Rc7 Rxd6 36. Rxb7 a6 37. Kh4 Rg6 38. Ra7 Kf8 39. Kh5 Kg7 40. Ra8 Rh6+ 41. Kg5 Rf6 42. h4 Rh6 43. Ra7 Rb6 44. Ra8 h6+ 45. Kh5 1/2-1/2

[Event "World Youth U-16 Olympiad 2018"]
[Site "Konya"]
[Date "2018.11.28"]
[Round "5"]
[White "Sahidi, Samir"]
[Black "Liu, Zhanhe"]
[Result "1-0"]
[WhiteElo "2309"]
[BlackElo "2052"]
[Annotator "NA RC"]
[PlyCount "163"]
[EventDate "2018.11.25"]
[EventType "team-tourn"]
[EventCountry "TUR"]
[SourceTitle "playchess.com"]
[Source "ChessBase"]
[SourceQuality "1"]
[WhiteTeam "Slovakia"]
[BlackTeam "Canada"]
[WhiteTeamCountry "SVK"]
[BlackTeamCountry "CAN"]

1. d4 Nf6 2. Nf3 e6 3. g3 b6 4. Bg2 Bb7 5. O-O Be7 6. c4 O-O 7. Nc3 Ne4 8. Qc2 Nxc3 9. Qxc3 c5 10. Be3 Bf6 11. Qd2 d6 12. Rad1 Nc6 13. a3 Na5 14. Qc2 cxd4 15. Nxd4 Bxg2 16. Kxg2 Qc7 17. b3 Rfc8 18. Qd3 Qb7+ 19. Nf3 d5 20. cxd5 Rc3 21. Qe4 Rxb3 22. Qa4 exd5 23. Rc1 Rc3 24. Rxc3 Bxc3 25. Rc1 Bb2 26. Rd1 Nc4 27. Bc1 h6 28. Qb3 Bxc1 29. Rxc1 Qe7 30. Qd3 Rd8 31. Nd4 Qxa3 32. Qxa3 Nxa3 33. Ra1 Nc4 34. Rxa7 g6 35. g4 Rd6 36. h4 Ne5 37. Kg3 Nc6 38. Ra8+ Kg7 39. Nb5 Rd7 40. Ra6 Rb7 41. Ra2 Kf6 42. Rc2 Ne5 43. Rc8 Nc4 44. Rd8 Re7 45. e3 Re5 46. Nd4 h5 47. g5+ Kg7 48. Rb8 Re7 49. Rd8 Re5 50. Nc6 Re6 51. Nb4 f6 52. gxf6+ Kxf6 53. Nxd5+ Ke5 54. Nf4 Rc6 55. Re8+ Kf6 56. Nd5+ Kf7 57. Re7+ Kf8 58. Rb7 Rd6 59. e4 Re6 60. f3 Na5 61. Rxb6 Rxb6 62. Nxb6 Kf7 63. Nd5 Nc6 64. Kf4 Nd4 65. Ke3 Nc2+ 66. Kf2 Ke6 67. f4 Kf7 68. Nb6 Ke6 69. Nc4 Nb4 70. Ne5 Kf6 71. Nf3 Nd3+ 72. Ke3 Nc5 73. Nd4 Kf7 74. Nf3 Kf6 75. Ng5 Nb3 76. e5+ Ke7 77. Nf3 Nc5 78. f5 gxf5 79. Kf4 Ne6+ 80. Kxf5 Kd7 81. Kf6 Nf4 82. Kf7 1-0

[Event "World Youth U-16 Olympiad 2018"]
[Site "Konya"]
[Date "2018.11.28"]
[Round "5"]
[White "Stearman, Josiah"]
[Black "Lazavik, Denis"]
[Result "1/2-1/2"]
[WhiteElo "2309"]
[BlackElo "2235"]
[Annotator "TA"]
[PlyCount "122"]
[EventDate "2018.11.25"]
[EventType "team-tourn"]
[EventCountry "TUR"]
[SourceTitle "playchess.com"]
[Source "ChessBase"]
[SourceQuality "1"]
[WhiteTeam "United States"]
[BlackTeam "Belarus"]
[WhiteTeamCountry "USA"]
[BlackTeamCountry "BLR"]

1. e4 e5 2. Nf3 Nc6 3. Bc4 Bc5 4. c3 Nf6 5. d3 d6 6. Bb3 a6 7. Nbd2 O-O 8. h3 Be6 9. Bc2 d5 10. Qe2 h6 11. Nf1 b5 12. Be3 Bxe3 13. Qxe3 d4 14. Qd2 Nh5 15. Ng3 Nxg3 16. fxg3 f5 17. exf5 Bxf5 18. O-O Qd6 19. g4 Bh7 20. g5 dxc3 21. Qxc3 Nd4 22. Nxd4 exd4 23. Qd2 c5 24. Rae1 Kh8 25. Bb3 Qg6 26. Bd5 Rxf1+ 27. Rxf1 Rd8 28. Bb7 Qxg5 29. Qxg5 hxg5 30. Rc1 Bxd3 31. Rxc5 Be2 32. Kf2 d3 33. Rc8 Rxc8 34. Bxc8 a5 35. Bg4 Bxg4 36. hxg4 Kg8 37. Ke3 Kf7 38. Kxd3 Ke6 39. Ke4 g6 40. g3 Kd6 41. Kd4 a4 42. a3 Kc6 43. Ke5 Kc5 44. Kf6 Kc4 45. Kxg5 Kb3 46. Kxg6 Kxb2 47. Kh7 b4 48. g5 bxa3 49. g6 a2 50. g7 a1=Q 51. g8=Q Qh1+ 52. Kg7 Qb7+ 53. Kg6 a3 54. Qc4 Qb3 55. Qd4+ Qc3 56. Qb6+ Ka2 57. g4 Qc2+ 58. Kh6 Qh2+ 59. Kg6 Qc2+ 60. Kh6 Qh2+ 61. Kg6 Qc2+ 1/2-1/2

[Event "World Youth U-16 Olympiad 2018"]
[Site "Konya"]
[Date "2018.11.28"]
[Round "5"]
[White "Mis, Mieszko"]
[Black "Liyanage, Ranindu Dilshan"]
[Result "1-0"]
[WhiteElo "2307"]
[BlackElo "2100"]
[Annotator "TA"]
[PlyCount "143"]
[EventDate "2018.11.25"]
[EventType "team-tourn"]
[EventCountry "TUR"]
[SourceTitle "playchess.com"]
[Source "ChessBase"]
[SourceQuality "1"]
[WhiteTeam "Poland"]
[BlackTeam "Sri Lanka"]
[WhiteTeamCountry "POL"]
[BlackTeamCountry "SRI"]

1. d4 Nf6 2. c4 e6 3. g3 d5 4. Bg2 dxc4 5. Nf3 Bb4+ 6. Bd2 a5 7. Qc2 Nc6 8. Qxc4 Qd5 9. Qxd5 exd5 10. O-O Bg4 11. e3 Ne4 12. Be1 O-O 13. a3 Bxe1 14. Rxe1 a4 15. Nfd2 Nxd2 16. Nxd2 Ra5 17. b4 axb3 18. Nxb3 Rb5 19. Nc5 b6 20. Nd3 Ne7 21. Rec1 Rc8 22. Nb4 Ra5 23. Rc3 Be6 24. Rac1 c5 25. Nd3 c4 26. Nb4 Rca8 27. e4 dxe4 28. Bxe4 Rd8 29. d5 Nxd5 30. Rd1 Rd7 31. Rxc4 g6 32. Bxd5 Rdxd5 33. Nxd5 Bxd5 34. Rb4 Ba8 35. Rd3 b5 36. h4 Kf8 37. Kh2 Ke7 38. Re3+ Kf6 39. Rd4 Ra6 40. g4 h6 41. Rd7 Ra4 42. f3 Kg7 43. Kg3 Bc6 44. Rd6 Rc4 45. Red3 Rc5 46. h5 gxh5 47. gxh5 Ba8 48. R3d4 Rf5 49. Rg4+ Kh7 50. Rf4 Rg5+ 51. Rg4 Rf5 52. Rf4 Rg5+ 53. Kh4 Kg7 54. Rg4 Bxf3 55. Rxg5+ hxg5+ 56. Kxg5 f6+ 57. Kh4 Be2 58. Rd7+ Kh6 59. Rf7 Bxh5 60. Rxf6+ Kg7 61. Kg5 Be2 62. Re6 Bc4 63. Re7+ Kf8 64. Kf6 Bf1 65. Re5 Kg8 66. Ke7 Bc4 67. Rg5+ Kh7 68. Kf6 Kh6 69. Rc5 Bd3 70. Rc3 Bf1 71. Rf3 Bg2 72. Rf2 1-0

[Event "World Youth U-16 Olympiad 2018"]
[Site "Konya"]
[Date "2018.11.28"]
[Round "5"]
[White "Cohen Revivo, Shoham"]
[Black "Ceres, Dragos"]
[Result "0-1"]
[WhiteElo "2299"]
[BlackElo "2324"]
[Annotator "TA"]
[PlyCount "88"]
[EventDate "2018.11.25"]
[EventType "team-tourn"]
[EventCountry "TUR"]
[SourceTitle "playchess.com"]
[Source "ChessBase"]
[SourceQuality "1"]
[WhiteTeam "Israel"]
[BlackTeam "Moldova"]
[WhiteTeamCountry "ISR"]
[BlackTeamCountry "MDA"]

1. e4 e6 2. d4 d5 3. e5 c5 4. c3 Nc6 5. Nf3 Bd7 6. Be2 Nge7 7. O-O Ng6 8. g3 Be7 9. h4 cxd4 10. cxd4 O-O 11. h5 Nh8 12. Nc3 f5 13. exf6 Bxf6 14. Be3 Nf7 15. Qd2 Nd6 16. g4 Be8 17. Rad1 a6 18. Ne1 b5 19. a3 Nc4 20. Bxc4 bxc4 21. f4 g6 22. hxg6 Bxg6 23. Nf3 Kh8 24. Qh2 Rb8 25. Rf2 Rg8 26. Kh1 Rb3 27. Ne5 Nxe5 28. dxe5 Rxc3 29. bxc3 Be4+ 30. Kg1 Rxg4+ 31. Kf1 Bh4 32. Rb2 Qf8 33. Qe2 Rxf4+ 34. Bxf4 Qxf4+ 35. Kg1 Qg3+ 36. Qg2 Bxg2 37. Rxg2 Qxe5 38. Rf1 Bg5 39. Rf8+ Kg7 40. Rf3 h6 41. Rb2 Qe4 42. Rb7+ Kg6 43. Rff7 Qe3+ 44. Kf1 Qxc3 0-1

[Event "World Youth U-16 Olympiad 2018"]
[Site "Konya"]
[Date "2018.11.28"]
[Round "5"]
[White "Tadic, Stefan"]
[Black "Gholami Orimi, Mahdi"]
[Result "0-1"]
[WhiteElo "2295"]
[BlackElo "2326"]
[Annotator "RC"]
[PlyCount "78"]
[EventDate "2018.11.25"]
[EventType "team-tourn"]
[EventCountry "TUR"]
[SourceTitle "playchess.com"]
[Source "ChessBase"]
[SourceQuality "1"]
[WhiteTeam "Serbia"]
[BlackTeam "Iran"]
[WhiteTeamCountry "SRB"]
[BlackTeamCountry "IRI"]

1. e4 e5 2. Nf3 Nc6 3. Bc4 Bc5 4. c3 Nf6 5. d4 exd4 6. e5 d5 7. Bb5 Ne4 8. cxd4 Bb6 9. Nc3 O-O 10. Be3 f6 11. Qb3 Nxc3 12. Bxc6 bxc6 13. Qxc3 a5 14. exf6 Rxf6 15. Ne5 Ba6 16. O-O-O Qd6 17. g4 Bb5 18. g5 Rff8 19. Rdg1 a4 20. a3 Rae8 21. f4 Qe6 22. Qc2 Rf5 23. Rg3 Ref8 24. Rh3 Ba5 25. Rg1 Bb6 26. Rh4 g6 27. Rg3 Rxe5 28. dxe5 d4 29. Bd2 c5 30. Rgh3 Rf7 31. Rh6 Qd5 32. Qxg6+ Kf8 33. Qc2 Be2 34. Be1 Bg4 35. Rg3 Bf5 36. Qxa4 Qe4 37. Kd1 Qb1+ 38. Ke2 d3+ 39. Kf2 Qxb2+ 0-1

[Event "World Youth U-16 Olympiad 2018"]
[Site "Konya"]
[Date "2018.11.28"]
[Round "5"]
[White "Ozenir, Ekin Baris"]
[Black "Mitsis, Georgios"]
[Result "0-1"]
[WhiteElo "2293"]
[BlackElo "2350"]
[Annotator "TA"]
[PlyCount "184"]
[EventDate "2018.11.25"]
[EventType "team-tourn"]
[EventCountry "TUR"]
[SourceTitle "playchess.com"]
[Source "ChessBase"]
[SourceQuality "1"]
[WhiteTeam "Turkey"]
[BlackTeam "Greece"]
[WhiteTeamCountry "TUR"]
[BlackTeamCountry "GRE"]

1. d4 Nf6 2. c4 e6 3. Nc3 Bb4 4. e3 O-O 5. Bd3 d5 6. Nge2 dxc4 7. Bxc4 c5 8. a3 Bxc3+ 9. bxc3 Qc7 10. Ba2 b6 11. O-O Ba6 12. Re1 Nc6 13. Ng3 Rad8 14. Bb2 Na5 15. e4 e5 16. d5 Bc4 17. Bc1 Ne8 18. Nf5 Nd6 19. Qg4 f6 20. Nxd6 Qxd6 21. Bxc4 Nxc4 22. a4 a6 23. Qe2 b5 24. Be3 f5 25. Bg5 Rb8 26. axb5 axb5 27. Ra7 Rbe8 28. Rb1 fxe4 29. Rxb5 Ra8 30. Rxa8 Rxa8 31. h4 Qxd5 32. Qg4 Qc6 33. Rb1 h6 34. Be3 Rd8 35. h5 Kh8 36. Re1 Nb2 37. Rb1 Na4 38. Qh4 Re8 39. Rc1 c4 40. Kh2 Qd5 41. Rc2 Qf7 42. Kg1 Qf5 43. Ra2 Nxc3 44. Rc2 Nd5 45. Rxc4 Nf6 46. Rc6 Kh7 47. Qh3 Qxh3 48. gxh3 Nxh5 49. Rc4 Nf6 50. Ra4 Re7 51. Bb6 Rd7 52. Ra5 Rd5 53. Ra7 Nd7 54. Bd8 Kg6 55. Be7 Kf5 56. Kg2 Rd2 57. Bb4 Rd4 58. Ba3 Rd3 59. Bc1 g5 60. Ra8 Nf6 61. Rf8 Kg6 62. Be3 Rd6 63. Ra8 Nd5 64. Bc5 Nf4+ 65. Kh2 Rd3 66. Be3 Nd5 67. Ra6+ Nf6 68. Bc5 Kf7 69. Ba7 Rf3 70. Bc5 h5 71. Be3 g4 72. hxg4 Nxg4+ 73. Kg2 h4 74. Ra7+ Kg6 75. Ra6+ Kf5 76. Ba7 h3+ 77. Kg1 Rb3 78. Ra1 Kf4 79. Rf1 Kf3 80. Ra1 Rd3 81. Rf1 Ke2 82. Ra1 Rd1+ 83. Rxd1 Kxd1 84. Bb6 Ke2 85. Ba7 Kf3 86. Bb6 e3 87. fxe3 Kg3 88. e4 Kf3 89. Bc7 Kxe4 90. Bb8 Kd4 91. Bc7 e4 92. Bf4 e3 0-1

[Event "World Youth U-16 Olympiad 2018"]
[Site "Konya"]
[Date "2018.11.28"]
[Round "5"]
[White "Faerber, David"]
[Black "Khodashneli, Shota"]
[Result "1-0"]
[WhiteElo "2291"]
[BlackElo "2018"]
[Annotator "TA"]
[PlyCount "71"]
[EventDate "2018.11.25"]
[EventType "team-tourn"]
[EventCountry "TUR"]
[SourceTitle "playchess.com"]
[Source "ChessBase"]
[SourceQuality "1"]
[WhiteTeam "Germany"]
[BlackTeam "Georgia"]
[WhiteTeamCountry "GER"]
[BlackTeamCountry "GEO"]

1. e4 e5 2. Bc4 Nc6 3. Nf3 Bc5 4. O-O Nf6 5. d4 Bxd4 6. Nxd4 Nxd4 7. f4 d6 8. fxe5 dxe5 9. Bg5 Be6 10. Na3 Qe7 11. c3 Bxc4 12. Bxf6 gxf6 13. Nxc4 Ne6 14. b4 Ng5 15. Ne3 Qd6 16. Qxd6 cxd6 17. Nd5 Nxe4 18. Rae1 Ng5 19. Nxf6+ Ke7 20. Nd5+ Kd7 21. h4 Ne6 22. Rxf7+ Kc6 23. Ne7+ Kb6 24. Rf6 Nf4 25. Rxe5 Kc7 26. Re3 Ng6 27. Nxg6 hxg6 28. g3 Rae8 29. Rxe8 Rxe8 30. Rxg6 Re1+ 31. Kf2 Ra1 32. h5 Rxa2+ 33. Ke3 Kc6 34. Rg4 Rc2 35. h6 Rxc3+ 36. Kd2 1-0

[Event "World Youth U-16 Olympiad 2018"]
[Site "Konya"]
[Date "2018.11.28"]
[Round "5"]
[White "Isanzhulov, Arystan"]
[Black "Song, Yuxin"]
[Result "1/2-1/2"]
[WhiteElo "2284"]
[BlackElo "2178"]
[Annotator "NA RC"]
[PlyCount "72"]
[EventDate "2018.11.25"]
[EventType "team-tourn"]
[EventCountry "TUR"]
[SourceTitle "playchess.com"]
[Source "ChessBase"]
[SourceQuality "1"]
[WhiteTeam "Kazakhstan"]
[BlackTeam "China"]
[WhiteTeamCountry "KAZ"]
[BlackTeamCountry "CHN"]

1. e4 c5 2. Nf3 d6 3. Bb5+ Bd7 4. c4 Nf6 5. Nc3 a6 6. Bxd7+ Nbxd7 7. O-O Ne5 8. Nxe5 dxe5 9. d3 e6 10. a3 Qd7 11. Qe2 Bd6 12. f4 O-O-O 13. f5 Be7 14. Rf3 Ne8 15. Kh1 Nc7 16. Rb1 Qd4 17. Bd2 b5 18. Be1 Qd7 19. b3 h5 20. Bf2 h4 21. cxb5 axb5 22. Rc1 Qc6 23. h3 Kb8 24. Nb1 exf5 25. Rxf5 Qe6 26. Bxc5 Bxc5 27. Rxc5 Qxb3 28. Nc3 f6 29. Rf1 Rd7 30. Qe3 Rhd8 31. Rb1 Qc2 32. Rc6 Rd4 33. Qg1 Qxd3 34. Nxb5 Nxb5 35. Rb6+ Kc7 36. R6xb5 Qxb5 1/2-1/2